<?xml version="1.0" encoding="UTF-8"?>
<collection xmlns="http://www.loc.gov/MARC21/slim">
  <record>
    <leader>00000nam  2200000   4500</leader>
    <controlfield tag="001">INLIS000000000018296</controlfield>
    <controlfield tag="005">20240924024246</controlfield>
    <datafield tag="035" ind1="#" ind2="#">
      <subfield code="a">0010-0924000125</subfield>
    </datafield>
    <controlfield tag="007">ta</controlfield>
    <controlfield tag="008">240924###########################0######</controlfield>
    <datafield tag="245" ind1="#" ind2="#">
      <subfield code="a">LA MATTUJUE :</subfield>
      <subfield code="b">Layanan Informasi Data Kecamatan Ujungloe /</subfield>
      <subfield code="c">A. Ridwan M, S.Sos</subfield>
    </datafield>
    <datafield tag="260" ind1="#" ind2="#">
      <subfield code="a">Makassar :</subfield>
      <subfield code="b">Puslatbang KMP LAN RI Makassar,</subfield>
      <subfield code="c">2024</subfield>
    </datafield>
    <datafield tag="300" ind1="#" ind2="#">
      <subfield code="a">13 ;</subfield>
      <subfield code="c">30</subfield>
    </datafield>
    <datafield tag="650" ind1="#" ind2="4">
      <subfield code="a">Layanan langsung melalui website</subfield>
    </datafield>
    <datafield tag="700" ind1=" " ind2="#">
      <subfield code="a">Dra. Hj. Umrah Aswani, MM (Mentor)</subfield>
    </datafield>
    <datafield tag="700" ind1=" " ind2="#">
      <subfield code="a">Andi Wahyudin, S.E., M.Si (Coach)</subfield>
    </datafield>
    <datafield tag="520" ind1="#" ind2="#">
      <subfield code="a">[15:41, 24/9/2024] .: Kondisi Layanan saat ini menjadi suatu permasalahan yang harus dipikirkan dengan baik untuk jangka panjang karena Layanan dikantor Camat Ujungloe masih Manual untuk mendapatkan informasi tentang layanan melalui website.Maka dari itu Pemerintah Kecamatan Ujungloe memiliki tujuan peranan penting mengatasi persoalan ini.&#13;
[15:42, 24/9/2024] .: Ide gagasan melalui Aksi Perubahan yang kami harapakan pada persoalan yang dihadapi adalah menciptakan sistem infomasi layanan langsung melalu WebSide Kantor Kecamatan Ujungbloe. Sehingga masyarakat dapat mengakses informasi termasuk dari Pemerintah Kelurahan dan Desa untuk menggunakan web side tersebut melaporkan kegiatan kegiatan pembangunan termasuk layanan informasi Publik</subfield>
    </datafield>
    <datafield tag="856" ind1="#" ind2="#">
      <subfield code="a">Puslatbang KMP LAN RI Makassar</subfield>
    </datafield>
  </record>
</collection>
